Guess All of the episodes of SpongeBob SquarePants - Statistics

General Stats
  • This quiz has been taken 72 times
    71 since last reset
  • The average score is 147 of 588
Answer Stats
Seasons Episodes % Correct
Season 1 Help Wanted
95%
Season 1 Reef Blower
85%
Season 1 Plankton!
83%
Season 1 Tea at the Treedome
83%
Season 1 Bubblestand
76%
Season 1 Ripped Pants
76%
Season 1 Jellyfishing
73%
Season 1 F.U.N.
68%
Season 1 Mermaidman and Barnacleboy
63%
Season 1 Boating School
61%
Season 1 Pickles
61%
Season 2 Band Geeks
59%
Season 1 Home Sweet Pineapple
56%
Season 1 Hooky
56%
Season 1 Mermaidman and Barnacleboy II
56%
Season 1 Naughty Nautical Neighbors
56%
Season 1 Rock Bottom
56%
Season 1 Suds
56%
Season 2 Christmas Who?
54%
Season 2 Gary Takes A Bath
54%
Season 2 Mermaidman and Barnacleboy III
54%
Season 3 Party Pooper Pants
54%
Season 1 Scaredy Pants
54%
Season 1 Arrgh!
51%
Season 2 Bubble Buddy
51%
Season 1 Fools in April
51%
Season 4 Have you Seen this snail?
51%
Season 3 Mermaidman and Barnacleboy IV
51%
Season 1 Nature Pants
51%
Season 1 SB-129
51%
Season 1 Texas
51%
Season 3 The Sponge Who Could Fly
51%
Season 4 Best Day Ever
49%
Season 2 Bossy Boots
49%
Season 1 Culture Shock
49%
Season 5 Friend or Foe
49%
Season 1 Jellyfish Jam
49%
Season 3 No Weenies Allowed
49%
Season 1 Pizza Delivery
49%
Season 2 Squid's Day Off
49%
Season 2 The Secret Box
49%
Season 6 Truth or Square
49%
Season 3 Ugh
49%
Season 1 Walking Small
49%
Season 2 Wormy
49%
Season 2 Dumped
46%
Season 2 Grandma's Kisses
46%
Season 6 House Fancy
46%
Season 2 I'm With Stupid
46%
Season 1 I was a Teenage Gary
46%
Season 3 Mermaidman and Barnacleboy V
46%
Season 1 Sandy's Rocket
46%
Season 3 The Algae's Always Greener
46%
Season 2 the Fry Cook Games
46%
Season 1 the Paper
46%
Season 2 Your Shoe's Untied
46%
Season 5 Atlantis SquarePantis
44%
Season 3 Club SpongeBob
44%
Season 2 Graveyard Shift
44%
Season 1 Karate Choppers
44%
Season 1 Neptune's Spatula
44%
Season 1 Opposite Day
44%
Season 2 Patty Hype
44%
Season 1 Sleepy Time
44%
Season 3 SpongeGuard on Duty
44%
Season 2 Squidville
44%
Season 1 Squidward The Unfriendly Ghost
44%
Season 6 The Splinter
44%
Season 1 Valentine's Day
44%
Season 5 Waiting
44%
Season 7 A Pal for Gary
41%
Season 3 Chocolate with Nuts
41%
Season 1 Employee of the month
41%
Season 3 Idiot Box
41%
Season 2 Jellyfish Hunter
41%
Season 4 Karate Island
41%
Season 4 Krabs vs Plankton
41%
Season 2 Krusty Love
41%
Season 9 Plankton's Pet
41%
Season 2 Shanghaied
41%
Season 3 Born Again Krabs
39%
Season 3 CLAMS
39%
Season 4 Dunces and Dragons
39%
Season 4 Fear of a Krabby Patty
39%
Season 2 Frankendoodle
39%
Season 1 Hall Monitor
39%
Season 2 I'm Your Biggest Fanatic
39%
Season 11 Ink Lemonade
39%
Season 8 It's a SpongeBob Christmas!
39%
Season 2 Life of Crime
39%
Season 10 Mimic Madness
39%
Season 1 Musclebob Buffpants
39%
Season 3 My Pretty Seahorse
39%
Season 2 No Free Rides
39%
Season 3 Plankton's Army
39%
Season 3 Pranks A Lot
39%
Season 2 Sailor Mouth
39%
Season 2 Something Smells
39%
Season 7 SpongeBob's Last Stand
39%
Season 1 Squeaky Boots
39%
Season 2 Squirrel Jokes
39%
Season 5 Stanley S. SquarePants
39%
Season 2 Survival of The Idiots
39%
Season 1 The Chaperone
39%
Season 4 The Gift of Gum
39%
Season 4 The Lost Mattress
39%
Season 5 To Love A Patty
39%
Season 2 Welcome to the Chum Bucket
39%
Season 6 Boating Buddies
37%
Season 8 Bubble Buddy Returns
37%
Season 9 Extreme Spots
37%
Season 4 Funny Pants
37%
Season 4 Good Neighbors
37%
Season 7 I Heart Dancing
37%
Season 2 Imitation Krabs
37%
Season 3 Krusty Krab Training Video
37%
Season 4 Krusty Towers
37%
Season 2 Pressure
37%
Season 2 Procrastination
37%
Season 2 Sandy, SpongeBob, and the Worm
37%
Season 4 Selling Out
37%
Season 3 Snowball Effect
37%
Season 11 Spot Returns
37%
Season 2 Squid on Strike
37%
Season 3 Squilliam Returns
37%
Season 5 The Krusty Sponge
37%
Season 2 The Smoking Peanut
37%
Season 3 Wet Painters
37%
Season 5 "What Ever Happened to SpongeBob?"
37%
Season 2 Artist Unknown
34%
Season 2 Big Pink Loser
34%
Season 3 Doing Time
34%
Season 13 Dopey Dick
34%
Season 2 Dying for Pie
34%
Season 5 Fungus Among Us
34%
Season 6 Gone
34%
Season 3 I had an Accident
34%
Season 3 Krabby Land
34%
Season 3 Nasty Patty
34%
Season 7 One Coarse Meal
34%
Season 3 One Krabs Trash
34%
Season 4 Patrick Smartpants
34%
Season 2 Prehibernation Week
34%
Season 4 Rule of Dumb
34%
Season 4 Shell of a Man
34%
Season 4 Skill Crane
34%
Season 3 SpongeBob Meets the Strangler
34%
Season 9 SpongeBob You're Fired
34%
Season 10 Sportz?
34%
Season 9 Squid Baby
34%
Season 7 Tentacle-Vision
34%
Season 3 The Camping Episode
34%
Season 6 The Clash of Triton
34%
Season 3 The Great Snail Race
34%
Season 5 A Flea in Her Dome
32%
Season 6 A Life in A Day
32%
Season 8 Are you Happy Now?
32%
Season 8 A SquarePants Family Vacation
32%
Season 7 BIG sister SAM
32%
Season 5 Blackjack
32%
Season 3 Just One Bite
32%
Season 8 Karen 2.0
32%
Season 6 Krabby Road
32%
Season 5 Krabs a La Mode
32%
Season 5 Money Talks
32%
Season 4 Mrs. Puff, You're Fired
32%
Season 3 New Student Starfish
32%
Season 6 Not Normal
32%
Season 8 Patrick's Staycation
32%
Season 9 Patrick The Game
32%
Season 5 Pest of the West
32%
Season 5 Rise and Shine
32%
Season 3 Rock-A-Bye Bivalve
32%
Season 7 Sponge-Cano!
32%
Season 7 Stuck in the Wringer
32%
Season 6 Suction Cup Symphony
32%
Season 7 The Curse of the Hex
32%
Season 5 The Original Fry Cook
32%
Season 3 As Seen On TV
29%
Season 5 Banned in Bikini Bottom
29%
Season 5 Breath of Fresh Squidward
29%
Season 6 Choir Boys
29%
Season 4 Driven to Tears
29%
Season 4 Ghost Host
29%
Season 9 Goodbye, Krabby Patty?
29%
Season 11 Goons on the Moon
29%
Season 3 Krab-Borg
29%
Season 11 My Leg!
29%
Season 6 Patty Caper
29%
Season 8 Plankton's Good Eye
29%
Season 5 Spongehenge
29%
Season 5 Spy Buddies
29%
Season 4 SquidBob Tentacle Pants
29%
Season 9 Squirrel Record
29%
Season 3 The Bully
29%
Season 6 The Card
29%
Season 7 The Great Patty Caper
29%
Season 4 the Thing
29%
Season 4 Bummer Vacation
27%
Season 8 Demolition Doofus
27%
Season 8 Face Freeze!
27%
Season 8 Frozen Face-Off
27%
Season 7 Gary in Love
27%
Season 12 Gary & Spot
27%
Season 8 Hello Bikini Bottom!
27%
Season 8 Home Sweet Rubble
27%
Season 7 Karate Star
27%
Season 11 Karen's Virus
27%
Season 9 Kenny the Cat
27%
Season 9 Larry's Gym
27%
Season 9 Little Yellow Book
27%
Season 9 Mall Girl Pearl
27%
Season 4 Mermaidman and Barnacleboy VI The Motion Picture
27%
Season 3 Missing Identity
27%
Season 8 Mooncation
27%
Season 8 Mr. Krabs Takes A Vacation
27%
Season 5 New Digs
27%
Season 4 New Leaf
27%
Season 5 Night Light
27%
Season 4 Once Bitten
27%
Season 6 Penny Foolish
27%
Season 6 Pineapple Fever
27%
Season 8 Planet of the Jellyfish
27%
Season 5 Roller Cowards
27%
Season 6 Single Cell Anniversary
27%
Season 6 Slide Whistle Stooges
27%
Season 6 SpongeBob SquarePants VS. The BIG ONE
27%
Season 6 Spongicus
27%
Season 14 Squidiot Box
27%
Season 7 The Cent of Money
27%
Season 5 The Krusty Plate
27%
Season 7 The Main Drain
27%
Season 11 The String
27%
Season 10 Whirly Brains
27%
Season 4 All That Glitters
24%
Season 14 Bass Ward
24%
Season 4 Best Frenemies
24%
Season 5 Boat Smarts
24%
Season 4 Born to be Wild
24%
Season 11 Bubbletown
24%
Season 3 Can you spare a dime?
24%
Season 4 Chimps Ahoy
24%
Season 6 Chum Caverns
24%
Season 9 Don't Look Now
24%
Season 9 Eek, an Urchin!
24%
Season 7 Enchanted Tiki Dreams
24%
Season 8 Glove World R.I.P.
24%
Season 10 House Worming
24%
Season 9 Jailbreak!
24%
Season 11 Man Ray Returns
24%
Season 8 Mermaidman Begins
24%
Season 5 Mermaidman Vs SpongeBob
24%
Season 11 Moving Bubble Bass
24%
Season 6 No Hat for Pat
24%
Season 9 Patrick-Man!
24%
Season 10 Plankton Gets the Boot
24%
Season 10 Plankton Retires
24%
Season 6 Plankton's Regular
24%
Season 6 Professor Squidward
24%
Season 5 Slimy Dancing
24%
Season 10 SpongeBob's Place
24%
Season 5 SpongeBob Vs The Patty Gadget
24%
Season 6 Squid's Visit
24%
Season 7 Squidward in Clarinetland
24%
Season 8 Squidward's School for Grown-Ups
24%
Season 4 Squid Wood
24%
Season 6 Sun Bleached
24%
Season 11 The Legend of Boo-Kini Bottom
24%
Season 12 The Nitwitting
24%
Season 7 The Play's The Thing
24%
Season 4 Wishing You Well
24%
Season 13 A Place for Pets
22%
Season 7 Back to the Past
22%
Season 5 Bucket Sweet Bucket
22%
Season 11 Cave Dwelling Sponge
22%
Season 8 Chum Fricassee
22%
Season 13 C.H.U.M.S
22%
Season 10 Don't Wake Patrick
22%
Season 12 Dream Hoppers
22%
Season 7 Earworm
22%
Season 12 FarmerBob
22%
Season 10 Feral Friends
22%
Season 5 Goo Goo Gas
22%
Season 7 Greasy Buffoons
22%
Season 4 Hocus Pocus
22%
Season 9 It Came From Goo Lagoon
22%
Season 9 License to Milkshake
22%
Season 9 Lost in Bikini Bottom
22%
Season 7 Love That Squid
22%
Season 7 Model Sponge
22%
Season 11 Mustard O' Mine
22%
Season 5 Pat No Pay
22%
Season 7 Perfect Chemistry
22%
Season 8 Pet Sitter Pat
22%
Season 7 Rodeo Daze
22%
Season 12 Sandy's Nutty Nieces
22%
Season 9 SOLD!
22%
Season 7 Someone's in the Kitchen with Sandy
22%
Season 13 SpongeBob's Road to Christmas
22%
Season 9 Squid Defense
22%
Season 13 Squidward's Sick Daze
22%
Season 11 Squirrel Jelly
22%
Season 5 The Battle of Bikini Bottom
22%
Season 8 The Good Krabby Name
22%
Season 6 The Krabby Kronicle
22%
Season 6 The Slumber Party
22%
Season 9 The Whole Tooth
22%
Season 6 To SquarePants or not to SquarePants
22%
Season 6 Toy Store of Doom
22%
Season 4 Whale of a Birthday
22%
Season 4 Wigstruck
22%
Season 9 Yeti Krabs
22%
Season 7 Yours, Mine and Mine
22%
Season 5 20,000 Patties Under the Sea
20%
Season 6 Cephalopod Lodge
20%
Season 11 Chef Bob
20%
Season 6 Chum Bucket Supreme
20%
Season 9 CopyBob DittoPants
20%
Season 8 Drive Thru
20%
Season 4 Enemy in-Law
20%
Season 9 Gary's New Toy
20%
Season 8 Ghoul Fools
20%
Season 11 Girls' Night Out
20%
Season 6 Gullible Pants
20%
Season 7 Keep Bikini Bottom Beautiful
20%
Season 11 Krabby Patty Creature Feature
20%
Season 7 Kracked Krabs
20%
Season 6 Krusty Krushers
20%
Season 9 Lame and Fortune
20%
Season 10 Life Insurance
20%
Season 13 Lockdown for Love
20%
Season 10 Lost And Found
20%
Season 10 Mermaid Pants
20%
Season 9 Mutiny on the Krusty
20%
Season 6 Nautical Novice
20%
Season 11 Old Man Patrick
20%
Season 8 Oral Report
20%
Season 10 Out of the Picture
20%
Season 6 Overbooked
20%
Season 11 Patnocchio
20%
Season 9 Safe Deposit Krabs
20%
Season 14 Sandy's Country Christmas
20%
Season 9 Sharks VS Pods
20%
Season 5 Sing A Song of Patrick
20%
Season 12 SpongeBob Big Birthday Blowout
20%
Season 12 SpongeBob in Randomland
20%
Season 11 Squid Noir
20%
Season 9 Squid Plus One
20%
Season 4 Squidtastic Voyage
20%
Season 7 The Inside Job
20%
Season 8 The Other Patty
20%
Season 5 The Two Faces of Squidward
20%
Season 7 Trench Billies
20%
Season 7 Tunnel of Glove
20%
Season 9 What's Eating Patrick?
20%
Season 14 Buff for Puff
17%
Season 7 Buried in Time
17%
Season 10 Burst Your Bubble
17%
Season 10 Code Yellow
17%
Season 9 Company Picnic
17%
Season 11 Cuddle E. Hugs
17%
Season 9 Food Con Castaways
17%
Season 12 Gary's Got Legs
17%
Season 6 Giant Squidward
17%
Season 6 Grandpappy the Pirate
17%
Season 6 Grooming Gary
17%
Season 12 Handemonium
17%
Season 7 Hide and Then What Happens?
17%
Season 6 Komputer Overload
17%
Season 14 Kreepaway Kamp
17%
Season 7 Krusty Dogs
17%
Season 12 Kwarantined Krab
17%
Season 11 Larry the Floor Manager
17%
Season 9 Married to Money
17%
Season 12 Mind the Gap
17%
Season 14 Mooned!
17%
Season 8 Move it or Lose it
17%
Season 6 No Nose Knows
17%
Season 11 No Pictures Please
17%
Season 10 Patrick's Coupon
17%
Season 12 Patrick's Tantrum
17%
Season 11 Pat the Horse
17%
Season 9 Pineapple Invasion
17%
Season 12 Pineapple RV
17%
Season 13 Plane to Sea
17%
Season 8 Restraining SpongeBob
17%
Season 13 Salty Sponge
17%
Season 6 Sand Castles in the Sand
17%
Season 13 Sandy, Help Us!
17%
Season 9 Sandy's Nutmare
17%
Season 9 Seance Shmeance
17%
Season 12 Shell Games
17%
Season 6 Shuffle-Boarding
17%
Season 14 Single-Celled Defense
17%
Season 9 Snail Mail
17%
Season 10 Snooze You Lose
17%
Season 9 SpongeBob LongPants
17%
Season 12 SpongeBob's Bad Habit
17%
Season 8 Squiditis
17%
Season 12 Squid's on a Bus
17%
Season 8 Super Evil Aquatic Villain Team Up is GO!
17%
Season 11 Teacher's Pests
17%
Season 4 That's No Lady
17%
Season 11 The Clam Whisperer
17%
Season 7 The Curse of Bikini Bottom
17%
Season 14 The Dirty Bubble Bass
17%
Season 5 The Donut of Shame
17%
Season 9 The Fish Bowl
17%
Season 8 The Hot Shot
17%
Season 5 The Inmates of Summer
17%
Season 7 The Monster who came to Bikini Bottom
17%
Season 4 The Pink Purloiner
17%
Season 5 To Save a Squirrel
17%
Season 8 Treats!
17%
Season 9 Two Thumbs Down
17%
Season 10 Unreal Estate
17%
Season 8 Walking the Plankton
17%
Season 12 A Cabin in the Kelp
15%
Season 8 Accidents Will Happen
15%
Season 13 Big Top Flop
15%
Season 5 Blackened Sponge
15%
Season 12 BubbleBass's Tab
15%
Season 9 Bulletin Board
15%
Season 9 Bumper to Bumper
15%
Season 6 Dear Vikings
15%
Season 11 Doodle Dimension
15%
Season 9 Evil Spatula
15%
Season 13 Friendiversary
15%
Season 13 Goofy Scoopers
15%
Season 8 House Sittin' For Sandy
15%
Season 8 Inspongeiac
15%
Season 12 Karen's Baby
15%
Season 12 King Plankton
15%
Season 5 Le Big Switch
15%
Season 13 Ma and Pa's Big Hurrah
15%
Season 7 New Fish in Town
15%
Season 12 Pat Hearts Squid
15%
Season 13 Patrick the Mailman
15%
Season 13 Pat the Dog
15%
Season 5 Picture Day
15%
Season 11 Plankton Paranoia
15%
Season 12 Plankton's Old Chum
15%
Season 13 Potato Puff
15%
Season 9 Pull Up a Barrel
15%
Season 9 Salsa Imbecilicus
15%
Season 9 Sanctuary!
15%
Season 6 Shell Shocked
15%
Season 13 Something Narwhal this way Comes
15%
Season 11 Spin the Bottle
15%
Season 14 Sponge Chovy
15%
Season 11 Stuck On The Roof
15%
Season 12 Swamp Mates
15%
Season 7 The Abrasive Side
15%
Season 7 The Bad Guy Club for Villains
15%
Season 9 The Executive Treatment
15%
Season 10 The Getaway
15%
Season 12 The Goofy Newbie
15%
Season 8 The Googly Artiste
15%
Season 10 The Incredible Shrinking Sponge
15%
Season 12 The Krusty Bucket
15%
Season 11 There's a Sponge in my Soup
15%
Season 7 the Wreck of the Mauna Loa
15%
Season 13 Under the Small Top
15%
Season 13 Upturn Girls
15%
Season 7 Whelk Attack
15%
Season 12 Who R Zoo?
15%
Season 7 A Day Without Tears
12%
Season 8 A Friendly Game
12%
Season 11 Appointment TV
12%
Season 12 Breakin'
12%
Season 8 Bubble Troubles
12%
Season 11 Bunny Hunt
12%
Season 12 Dirty Bubble Returns
12%
Season 6 Ditchin'
12%
Season 8 Fiasco!
12%
Season 8 Free Samples
12%
Season 11 Grandmum's the Word
12%
Season 12 Hiccup Plague
12%
Season 11 High Sea Diving
12%
Season 12 Insecurity Guards
12%
Season 12 Jolly Lodgers
12%
Season 13 Karen for Spot
12%
Season 12 Kooky Cooks
12%
Season 12 My Two Krabses
12%
Season 6 Pet or Pests
12%
Season 14 PL-1413
12%
Season 6 Porous Pockets
12%
Season 13 Ride Patrick Ride
12%
Season 11 Sanitation Insanity
12%
Season 12 Senior Discount
12%
Season 8 Sentimental Sponge
12%
Season 14 Sheldon SquarePants
12%
Season 7 Shellback Shenanigans
12%
Season 8 Smoothe Jazz at Bikini Bottom
12%
Season 13 Squidferatu
12%
Season 7 Summer Job
12%
Season 8 Sweet and Sour Squid
12%
Season 7 That Sinking Feeling
12%
Season 12 The Ballad of Filthy Muck
12%
Season 13 The Big Bad Bubble Bass
12%
Season 11 The Check-Up
12%
Season 12 The Ghost of Plankton
12%
Season 12 The Hankering
12%
Season 8 The Krabby Patty that ate Bikini Bottom
12%
Season 11 The Night Patty
12%
Season 10 Trident Trouble
12%
Season 9 Tutor Sauce
12%
Season 11 Whale Watching
12%
Season 13 Yellow Pavement
12%
Season 13 Abandon Twits
10%
Season 13 Allergy Attack!
10%
Season 8 Barnacle Face
10%
Season 12 Boss For A Day
10%
Season 11 Call the Cops
10%
Season 13 Captain Pipsqueak
10%
Season 14 Don't Make me Laugh
10%
Season 12 Escape From Beneath Glove World
10%
Season 8 For Here or to Go
10%
Season 11 Fun-Sized Friends
10%
Season 5 Good Ol' Whatshisname
10%
Season 7 Gramma's Secret Recipe
10%
Season 7 Growth Sprout
10%
Season 12 Lighthouse Louie
10%
Season 13 Plankton and the Beanstalk
10%
Season 12 Plankton's Intern
10%
Season 14 Sammy Suckerfish
10%
Season 13 Say Awww!
10%
Season 11 Scavenger Pants
10%
Season 11 Shopping List
10%
Season 13 Slappy Daze
10%
Season 14 Snow Yellow and the Seven Jellies
10%
Season 13 Squidbird
10%
Season 12 Stormy Weather
10%
Season 14 Tango Tangle
10%
Season 13 The Goobfather
10%
Season 9 The Sewers of Bikini Bottom
10%
Season 14 Upward
10%
Season 13 Wallhalla
10%
Season 14 We Heart Hoops
10%
Season 13 Welcome to Binary Bottom
10%
Season 11 Bottle Burgulars
7%
Season 12 Broken Alarm
7%
Season 11 Chatterbox Gary
7%
Season 11 Don't Feed the Clowns
7%
Season 11 Drive Happy
7%
Season 10 Krusty Kathering
7%
Season 11 Krusty Kleaners
7%
Season 12 Krusty Koncessionaires
7%
Season 11 Library Cards
7%
Season 13 My Friend Patty
7%
Season 12 One Trick Sponge
7%
Season 14 Pet the Rock
7%
Season 13 Sea-Man Sponge Haters Club
7%
Season 13 Spatula of the Heavens
7%
Season 13 SpongeBob on Parade
7%
Season 11 Surf N' Turf
7%
Season 13 Swimming Fools
7%
Season 12 The Krusty Slammer
7%
Season 7 The Masterpiece
7%
Season 13 There will be Grease
7%
Season 8 The Way of the Sponge
7%
Season 7 Welcome to Bikini Bottom Triangle
7%
Season 7 You Don't Know Sponge
7%
Season 13 Ain't That The Tooth
5%
Season 12 Biddy Sitting
5%
Season 14 Big League Bob
5%
Season 14 Blood Is Thicker Than Grease
5%
Season 13 Delivery to Monster Island
5%
Season 13 Food Pbfft! Truck
5%
Season 13 Gary's Playhouse
5%
Season 14 Hysterical History
5%
Season 12 Knock, Knock Who's There?
5%
Season 13 Mandatory Music
5%
Season 14 Momageddon
5%
Season 14 Necro-Nom-Nom-Nom-I-Con
5%
Season 13 Sir Urchin and Snail Fail
5%
Season 13 The Flower Plot
5%
Season 14 Unidentified Flailing Octopus
5%
Season 13 You're Going to Pay... Phone
5%
Season 13 A Skin Wrinkle In Time
2%
Season 14 Bad Luck Bob
2%
Season 13 Fun-Believable
2%
Season 13 Hot Crossed Nuts
2%
Season 14 In the Mood to Feud
2%
Season 3 Mid-Life Grostaccan
2%
Season 11 The Grill is Gone
2%
Season 13 Arbor Day Disarray
0%
Season 14 The Sandman Cometh
0%
No matching quizzes found
Score Distribution
Percent of People with Each Score
Percentile by Number Answered
Your Score History
You have not taken this quiz since the last reset